000 00894nam a2200277 i 4500
001 107036
003 ES-MaACL
005 20251014063143.0
007 t|
008 061121s1978 sp |||| | spa d
020 _a84-265-5315-X
080 _a1 Spinoza, Baruch de
080 _a21
100 1 _aMorales, Carlos,
_d1959-
_982977
245 1 0 _aBaruch Spinoza :
_btratado teológico político /
_cCarlos Morales.
260 _aMadrid :
_bEmesa [Magisterio Español],
_c1978.
300 _a254 p. ;
_c19 cm.
490 1 _aCrítica filosófica ;
_v16
504 _aBibliografía: p. [247]-249.
600 1 4 _aSpinoza, Benedictus de-
_xCrítica e interpretación.
_9107753
650 7 _aReligión y filosofía
_2embne
_916811
650 0 _aLibrepensamiento.
_914423
830 1 _aCrítica filosófica ;
_v16
_9181774
852 _aES-MaACL
_jA-8561
999 _c107036
_d107036